Sports Quiz

Random Sports or Soccer Quiz

Paris Saint-Germain League Cup opponents Quiz Stats

Quiz not verified by Sporcle

Challenge
Share
Tweet
Embed
Score 0/50 Timer 05:00
0 Plays Today
- - % Correct
1997/1998Bordeaux (2-2 (tab:4-2))
100%
2001/2002Bordeaux (0-1)
100%
2002/2003Nantes (2-3)
100%
2008/2009Bordeaux (0-3)
100%
1994/1995Lyon (2-1)
98.5%
1996/1997Lyon (2-1)
98.5%
1997/1998Lyon (1-0)
98.5%
2006/2007Lyon (2-1)
98.5%
2010/2011Lyon (1-2)
98.5%
2004/2005Marseille (2-3)
97%
2012/2013Marseille (2-0)
97%
1997/1998Lens (2-1)
95.5%
2007/2008Lens (1-2)
95.5%
2008/2009Lens (2-0)
95.5%
1994/1995Toulouse (3-0)
94%
1997/1998Montpellier (2-0)
94%
1998/1999Monaco (0-0 (tab:2-3))
94%
1998/1999Montpellier (0-2)
94%
2004/2005Montpellier (1-0)
94%
2005/2006Toulouse (2-0)
94%
2007/2008Montpellier (2-0)
94%
2008/2009Monaco (0-1)
94%
2010/2011Montpellier (1-0)
94%
1994/1995Auxerre (1-0)
92.5%
2007/2008Auxerre (3-2)
92.5%
- - % Correct
2006/2007Lorient (3-1)
89.6%
2007/2008Lorient (0-3)
89.6%
1997/1998Metz (1-0)
88.1%
1998/1999Saint-Etienne (1-0)
86.6%
2012/2013Saint-Etienne (0-0 (tab:5-3))
86.6%
1999/2000Nancy (3-0)
82.1%
2000/2001Nancy (3-1)
82.1%
2001/2002Nancy (1-1 (tab:4-3))
82.1%
2008/2009Nancy (2-0)
82.1%
1994/1995Bastia (2-0)
80.6%
1999/2000Bastia (4-2)
80.6%
1995/1996Guingamp (2-1)
77.6%
1999/2000Gueugnon (2-0)
77.6%
2001/2002Guingamp (3-1)
77.6%
2003/2004Gueugnon (1-1 (tab:3-2))
77.6%
2009/2010Guingamp (1-0)
77.6%
2007/2008Valenciennes (4-0)
73.1%
2010/2011Valenciennes (1-3)
73.1%
1994/1995Le Havre (0-1)
64.2%
2011/2012Dijon (3-2)
61.2%
2001/2002Troyes (0-4)
59.7%
2005/2006Troyes (4-1)
59.7%
2009/2010Boulogne-sur-Mer (0-1)
47.8%
1999/2000Châteauroux (0-1)
40.3%
1999/2000Créteil (4-3)
28.4%

You're not logged in!

Compare scores with friends on all Sporcle quizzes.
Sign Up with Email
OR
Log In

You Might Also Like...

Show Comments

Extras

Top Quizzes Today


Score Distribution

Your Account Isn't Verified!

In order to create a playlist on Sporcle, you need to verify the email address you used during registration. Go to your Sporcle Settings to finish the process.

Report this User

Report this user for behavior that violates our Community Guidelines.

Details: